000 00628nam a2200205 i 4500
001 99462
003 ES-MaACL
005 20230906182512.0
007 t|
008 050912s1968 sp ||||1| spa d
100 1 _aMartinet, André.
_977704
245 1 3 _aLa lingüística sincrónica /
_cAndré Martinet; versión española de Felisa Marcos.
260 _aMadrid :
_bGredos,
_c1968.
300 _a228 p., 5 h. ;
_c20.
490 1 _aBiblioteca románica hispánica
700 1 _aMarcos, Felisa.
_976505
830 0 _aBiblioteca románica hispánica
_9180746
852 _aES-MaACL
_jC-35050
_bR.67585
999 _c99462
_d99462